[Event "Aut_chT"]
[Site "Fürstenfeld"]
[Date "2003.??.??"]
[Round "10.2"]
[White "Baumegger, Siegfried"]
[Black "Freitag, Manfred"]
[Result "0-1"]
[WhiteElo "2364"]
[BlackElo "2389"]
[PlyCount "108"]
[EventDate "2003.03.14"]

1. e4 e6 2. d4 b6 3. Nf3 Bb7 4. Bd3 c5 5. c3 Nf6 6. Qe2 Be7 7. O-O d5 8. e5
Nfd7 9. Be3 Nc6 10. a3 c4 11. Bc2 Na5 12. Nbd2 h6 13. Ne1 Qc7 14. h4 O-O-O 15.
h5 Rdg8 16. g3 Kb8 17. Ng2 Nf8 18. Nf3 Bc6 19. Nh2 Be8 20. Qg4 Kb7 21. Qh3 Nh7
22. f4 Qc8 23. Ng4 Bd7 24. Kf2 Qe8 25. Rae1 Bc8 26. Re2 Rf8 27. Nh4 Qd8 28. Rh1
Nc6 29. Qf1 Rfg8 30. Qb1 Nf8 31. Kf1 g5 32. hxg6 h5 33. Nf6 Bxf6 34. exf6 Qxf6
35. Bf2 Nxg6 36. Bxg6 fxg6 37. Nf3 h4 38. Rxh4 Rxh4 39. Nxh4 g5 40. fxg5 Rxg5
41. Re3 Qh8 42. Rf3 Qh5 43. Qc1 e5 44. Qe3 Bh3+ 45. Ke1 Rg4 46. Rf5 Qh7 47. Qf3
Re4+ 48. Kd2 Bxf5 49. Nxf5 Qg6 50. Be3 Ka6 51. Qf2 Na5 52. Ne7 Nb3+ 53. Kd1
Qh5+ 54. Kc2 Qh7 0-1

[Event "Aut_chT"]
[Site "Fürstenfeld"]
[Date "2003.??.??"]
[Round "10.2"]
[White "Kilgus, Georg"]
[Black "Watzka, Horst"]
[Result "1/2-1/2"]
[WhiteElo "2346"]
[BlackElo "2337"]
[PlyCount "116"]
[EventDate "2003.03.14"]

1. d4 Nf6 2. c4 g6 3. g3 Bg7 4. Bg2 d6 5. Nf3 O-O 6. Nc3 c6 7. O-O Qa5 8. h3
Be6 9. d5 cxd5 10. Nd4 Bd7 11. cxd5 Na6 12. e4 Nc5 13. Be3 Na4 14. Nxa4 Bxa4
15. Qe1 Qxe1 16. Rfxe1 Rfc8 17. f4 Ne8 18. Bf2 Nc7 19. b3 Be8 20. Rac1 Nb5 21.
Rxc8 Rxc8 22. Nxb5 Bxb5 23. a4 Bd3 24. Bxa7 Bc2 25. e5 Bxb3 26. a5 Bc4 27. Rc1
Ra8 28. Bb6 Ba6 29. Rc7 Bf8 30. h4 f5 31. h5 Re8 32. Kf2 Ra8 33. Bh3 Rd8 34.
Bg2 Rb8 35. hxg6 hxg6 36. g4 fxg4 37. Kg3 dxe5 38. fxe5 Bd3 39. Kxg4 Bf5+ 40.
Kg3 Rc8 41. d6 Rxc7 42. Bxc7 exd6 43. exd6 Bc8 44. Bh3 Bxh3 45. Kxh3 Kf7 46. d7
Be7 47. d8=Q Bxd8 48. Bxd8 Ke6 49. Kg4 Kd7 50. Bb6 Kc8 51. Ba7 Kc7 52. Kg5 Kc8
53. Kxg6 Kc7 54. Kf6 Kc8 55. Ke6 Kc7 56. Ke7 Kc8 57. Kd6 b5 58. axb6 Kb7
1/2-1/2

[Event "Aut_chT"]
[Site "Fürstenfeld"]
[Date "2003.??.??"]
[Round "10.2"]
[White "Singer, Richard"]
[Black "Postl, Anton"]
[Result "1/2-1/2"]
[WhiteElo "2281"]
[BlackElo "2322"]
[PlyCount "70"]
[EventDate "2003.03.14"]

1. d4 Nf6 2. c4 g6 3. Nc3 Bg7 4. e4 d6 5. Nge2 O-O 6. Ng3 c5 7. d5 e6 8. Be2
exd5 9. exd5 Nbd7 10. Bg5 h6 11. Be3 Re8 12. O-O Ne5 13. h3 Nh7 14. Qd2 h5 15.
Rae1 f5 16. f4 Ng4 17. Bxg4 fxg4 18. f5 h4 19. fxg6 hxg3 20. gxh7+ Kh8 21. Bg5
Rxe1 22. Bxd8 Bd4+ 23. Qxd4+ cxd4 24. Rxe1 dxc3 25. Bf6+ Kxh7 26. Bxc3 gxh3 27.
Re3 Bf5 28. Rxg3 Rg8 29. Rxg8 Kxg8 30. Bb4 Bb1 31. c5 dxc5 32. d6 Bf5 33. Bxc5
b6 34. Be3 Kf7 35. gxh3 Bxh3 1/2-1/2

[Event "Aut_chT"]
[Site "Fürstenfeld"]
[Date "2003.??.15"]
[Round "10.2"]
[White "Rigo, Janos"]
[Black "Wegerer, Fred"]
[Result "0-1"]
[WhiteElo "2323"]
[BlackElo "2240"]
[PlyCount "97"]
[EventDate "2003.03.14"]

1. e4 c5 2. Nf3 d6 3. d4 cxd4 4. Nxd4 Nf6 5. Nc3 a6 6. f3 e5 7. Nb3 Be6 8. Be3
Nbd7 9. g4 Be7 10. g5 Nh5 11. Qd2 O-O 12. Rg1 b5 13. Nd5 Bxd5 14. exd5 Qc7 15.
Na5 Rfe8 16. Nc6 Bf8 17. a4 Nf4 18. a5 Rac8 19. c4 bxc4 20. Bxc4 Nb8 21. Rc1
Qb7 22. Nb4 g6 23. Kd1 Bg7 24. Re1 Nh5 25. Bb6 Nf4 26. b3 h6 27. h4 hxg5 28.
hxg5 Qe7 29. Rg1 Qd7 30. Nd3 Nh3 31. Rg3 Qf5 32. Nf2 Nxf2+ 33. Bxf2 e4 34. f4
Rc7 35. Bb6 e3 36. Rxe3 Rce7 37. Bd3 Qg4+ 38. Be2 Qg1+ 39. Kc2 Rxe3 40. Rxg1
Rxe2 41. Bc7 Rxd2+ 42. Kxd2 Bd4 43. Rg3 Bc5 44. Bb6 Nd7 45. Bxc5 Nxc5 46. Rf3
Rb8 47. Kc2 Rb5 48. f5 Nxb3 49. Kc3 0-1

[Event "Aut_chT"]
[Site "Fürstenfeld"]
[Date "2003.03.15"]
[Round "10.3"]
[White "Bischoff, Klaus"]
[Black "Mueller, Karsten"]
[Result "1/2-1/2"]
[WhiteElo "2564"]
[BlackElo "2507"]
[PlyCount "27"]
[EventDate "2003.03.14"]

1. d4 d5 2. c4 e6 3. Nf3 c6 4. Nbd2 Nf6 5. g3 c5 6. cxd5 exd5 7. Bg2 Nc6 8. O-O
Be7 9. dxc5 Bxc5 10. Nb3 Bb6 11. Bg5 O-O 12. e3 h6 13. Bxf6 Qxf6 14. Nfd4
1/2-1/2

[Event "Aut_chT"]
[Site "Fürstenfeld"]
[Date "2003.??.??"]
[Round "10.3"]
[White "Polzin, Rainer"]
[Black "Horvath, Csaba"]
[Result "0-1"]
[WhiteElo "2467"]
[BlackElo "2506"]
[PlyCount "142"]
[EventDate "2003.03.14"]

1. e4 Nf6 2. e5 Nd5 3. d4 d6 4. c4 Nb6 5. exd6 exd6 6. Nc3 Nc6 7. h3 Be7 8. Nf3
Bf6 9. b3 Bf5 10. Be3 d5 11. c5 Nc8 12. Bb5 O-O 13. Bxc6 bxc6 14. O-O Re8 15.
Qd2 Be4 16. Nh2 h5 17. Rfe1 Ne7 18. Bg5 Ng6 19. Bxf6 Qxf6 20. Re3 Re6 21. Rae1
Rae8 22. f3 Bf5 23. Rxe6 Rxe6 24. Rxe6 Bxe6 25. Ne2 Bc8 26. Qd3 Qg5 27. Kf2
Qh4+ 28. Kg1 Qg5 29. Kf2 Nh4 30. g3 Bxh3 31. Qe3 Qxe3+ 32. Kxe3 Ng6 33. g4 hxg4
34. fxg4 Bg2 35. Nc3 Kh7 36. b4 a6 37. Kf2 Nf4 38. g5 Bh1 39. Ke3 Ne6 40. Ng4
Nxg5 41. Ne5 f5 42. Nxc6 Nh3 43. Ne2 g5 44. Ne5 f4+ 45. Kd2 Nf2 46. a4 Ne4+ 47.
Ke1 Bg2 48. b5 axb5 49. a5 b4 50. Nc1 f3 51. Nxf3 Bxf3 52. a6 g4 53. a7 g3 54.
Kf1 b3 55. Nxb3 g2+ 56. Kg1 Ng5 57. Kf2 Be4 58. a8=Q Nh3+ 59. Ke2 g1=Q 60. Kd2
Nf2 61. Qc8 Qd1+ 62. Ke3 Qxb3+ 63. Kxf2 Qf3+ 64. Ke1 Qe3+ 65. Kf1 Qf4+ 66. Ke2
Qh2+ 67. Ke3 Qg1+ 68. Kf4 Qf2+ 69. Ke5 Qg3+ 70. Kf6 Qg7+ 71. Ke6 Qg4+ 0-1

[Event "Aut_chT"]
[Site "Fürstenfeld"]
[Date "2003.03.15"]
[Round "10.3"]
[White "Hoelzl, Franz"]
[Black "Schwarz, Michael"]
[Result "1-0"]
[WhiteElo "2349"]
[BlackElo "2410"]
[PlyCount "29"]
[EventDate "2003.03.14"]

1. c4 e5 2. g3 g6 3. d4 exd4 4. Qxd4 Qf6 5. Qd2 Nc6 6. Nc3 Bb4 7. Nf3 d6 8. Bg2
Nge7 9. O-O O-O 10. Ne4 Qxf3 11. Qh6 Qf5 12. Ng5 Re8 13. Qxh7+ Kf8 14. Bh3 Qf6
15. Ne6+ 1-0

[Event "Aut_chT"]
[Site "Fürstenfeld"]
[Date "2003.??.??"]
[Round "10.3"]
[White "Schlosser, Michael"]
[Black "Steflitsch, Erich"]
[Result "1-0"]
[WhiteElo "2344"]
[BlackElo "2396"]
[PlyCount "85"]
[EventDate "2003.03.14"]

1. e4 e6 2. d4 d5 3. Nc3 Bb4 4. e5 c5 5. a3 Bxc3+ 6. bxc3 Ne7 7. Qg4 Qc7 8.
Qxg7 Rg8 9. Qxh7 cxd4 10. Kd1 Nbc6 11. f4 Bd7 12. Nf3 O-O-O 13. Qd3 dxc3 14.
Qxc3 d4 15. Qc5 Be8 16. g3 Nd5 17. Bd2 Kb8 18. Bd3 Nb6 19. a4 Rd5 20. Qa3 Na5
21. Bxa5 Rxa5 22. Qd6 Qxd6 23. exd6 Rd5 24. a5 Nc8 25. Kd2 Nxd6 26. Rhb1 f6 27.
Rb4 e5 28. fxe5 fxe5 29. Re1 Rxa5 30. Rxe5 Rxe5 31. Nxe5 Kc7 32. Rxd4 b5 33.
Rf4 a5 34. g4 Rh8 35. Rf2 a4 36. c3 Kd8 37. g5 Ke7 38. Ke3 Ke6 39. Nf3 Kd5 40.
g6 Rg8 41. Rg2 a3 42. Nd4 a2 43. Rg5+ 1-0

[Event "Aut_chT"]
[Site "Fürstenfeld"]
[Date "2003.??.??"]
[Round "10.3"]
[White "Titz, Heimo"]
[Black "Kotz, Heinz Peter"]
[Result "0-1"]
[WhiteElo "2326"]
[BlackElo "2325"]
[PlyCount "82"]
[EventDate "2003.03.14"]

1. d4 Nf6 2. c4 g6 3. Nc3 Bg7 4. e4 d6 5. Nf3 O-O 6. Be2 e5 7. Be3 Ng4 8. Bg5
f6 9. Bh4 Nc6 10. d5 Ne7 11. Nd2 f5 12. exf5 gxf5 13. Bxg4 fxg4 14. Nde4 Qe8
15. O-O Ng6 16. Bg5 Nf4 17. Re1 Qg6 18. c5 dxc5 19. Be7 Rf7 20. Bxc5 Bf5 21.
Ba3 h5 22. Qb3 b6 23. Rad1 Kh8 24. Qc4 Rd8 25. Qc6 Rfd7 26. d6 cxd6 27. Rxd6
Rxd6 28. Bxd6 Rc8 29. Qb5 a6 30. Qxa6 Rxc3 31. Nxc3 Qxd6 32. Qa8+ Kh7 33. Rd1
Nd3 34. Rd2 Qh6 35. Rd1 Qf4 36. Rf1 Qd4 37. Qe8 Bg6 38. Qb5 h4 39. Nd1 Nf4 40.
Qb3 h3 41. Ne3 hxg2 0-1

[Event "Aut_chT"]
[Site "Fürstenfeld"]
[Date "2003.??.??"]
[Round "10.3"]
[White "Perhinig, Robert"]
[Black "Petschar, Kurt"]
[Result "1/2-1/2"]
[WhiteElo "2229"]
[BlackElo "2291"]
[PlyCount "38"]
[EventDate "2003.03.14"]

1. d4 d5 2. Nf3 c6 3. c4 Nf6 4. cxd5 cxd5 5. Nc3 Nc6 6. Bf4 a6 7. e3 Bg4 8. Be2
e6 9. O-O Be7 10. Qb3 Bxf3 11. Bxf3 Na5 12. Qd1 O-O 13. Rc1 Rc8 14. Qd3 Qb6 15.
Rc2 Nc6 16. a3 Na5 17. Na4 Qb3 18. Qxb3 Nxb3 19. Bd1 Nc1 1/2-1/2

[Event "Aut_chT"]
[Site "Fürstenfeld"]
[Date "2003.??.??"]
[Round "10.4"]
[White "Boensch, Uwe"]
[Black "Lutz, Christopher"]
[Result "1/2-1/2"]
[WhiteElo "2537"]
[BlackElo "2640"]
[PlyCount "113"]
[EventDate "2003.03.14"]

1. d4 Nf6 2. c4 e6 3. g3 d5 4. Bg2 Be7 5. Nf3 O-O 6. O-O dxc4 7. Qc2 a6 8. Qxc4
b5 9. Qc2 Bb7 10. Bd2 Be4 11. Qc1 Nbd7 12. Ba5 Rc8 13. Nbd2 Ba8 14. Qc2 Nb8 15.
a3 Nc6 16. Bc3 a5 17. Nb3 a4 18. Nbd2 Na7 19. b4 axb3 20. Nxb3 Be4 21. Qb2 Nd5
22. Nc5 Bxc5 23. dxc5 Nxc3 24. Qxc3 Nc6 25. Qe3 Bd5 26. Rfd1 Qf6 27. Rab1 Rb8
28. Nd4 Nxd4 29. Qxd4 Bxg2 30. Kxg2 c6 31. Qe4 Rfc8 32. Rd7 Qf5 33. Qxf5 exf5
34. Rbd1 g6 35. R1d6 Kg7 36. e3 Ra8 37. Rb7 Rxa3 38. Rdd7 Rf8 39. Rdc7 Ra6 40.
h3 h5 41. Kf3 Kf6 42. Rd7 Kg5 43. Rd6 h4 44. Kg2 hxg3 45. Kxg3 Kh6 46. Rc7 Kg5
47. Kf3 Ra2 48. Rdxc6 Rd8 49. h4+ Kh6 50. Rxf7 Rdd2 51. Rcc7 Rxf2+ 52. Kg3 Rg2+
53. Kh3 Rh2+ 54. Kg3 Rag2+ 55. Kf3 Rf2+ 56. Kg3 Rhg2+ 57. Kh3 1/2-1/2

[Event "Aut_chT"]
[Site "Fürstenfeld"]
[Date "2003.03.15"]
[Round "10.4"]
[White "Beim, Valeri"]
[Black "Schlosser, Philipp"]
[Result "1/2-1/2"]
[WhiteElo "2553"]
[BlackElo "2534"]
[PlyCount "36"]
[EventDate "2003.03.14"]

1. c4 c5 2. Nf3 Nf6 3. Nc3 Nc6 4. e3 e6 5. d4 d5 6. cxd5 Nxd5 7. Bd3 cxd4 8.
exd4 Bb4 9. Bd2 O-O 10. O-O Be7 11. a3 Bf6 12. Be3 Nce7 13. Qc2 g6 14. Bh6 Bg7
15. Bxg7 Kxg7 16. Be4 b6 17. Nxd5 Nxd5 18. Qc6 Rb8 1/2-1/2

[Event "Aut_chT"]
[Site "Fürstenfeld"]
[Date "2003.??.??"]
[Round "10.4"]
[White "Stangl, Markus"]
[Black "Lau, Ralf"]
[Result "1/2-1/2"]
[WhiteElo "2494"]
[BlackElo "2506"]
[PlyCount "65"]
[EventDate "2003.03.14"]

1. Nf3 e6 2. c4 d5 3. g3 g6 4. Bg2 Bg7 5. O-O Ne7 6. d4 O-O 7. Qc2 Nbc6 8. Rd1
a5 9. Na3 h6 10. Nb5 Nb4 11. Qb3 g5 12. Bd2 c6 13. Na3 Na6 14. Qa4 Nc7 15. c5
Ne8 16. b4 Nf6 17. h4 gxh4 18. Nxh4 Ne4 19. Be1 Qc7 20. b5 e5 21. dxe5 Qxe5 22.
Rac1 Be6 23. bxc6 bxc6 24. Bxe4 Qxe4 25. Qxe4 dxe4 26. Nc4 Rfd8 27. Rd6 Rxd6
28. cxd6 Nc8 29. Nxa5 Nxd6 30. Rxc6 Nb5 31. e3 Bxa2 32. Nf5 Be6 33. Nxg7
1/2-1/2

[Event "Aut_chT"]
[Site "Fürstenfeld"]
[Date "2003.??.??"]
[Round "10.4"]
[White "Mahdy, Khaled"]
[Black "Weinzettl, Ernst"]
[Result "1-0"]
[WhiteElo "2374"]
[BlackElo "2356"]
[PlyCount "91"]
[EventDate "2003.03.14"]

1. e4 e6 2. d4 d5 3. Nd2 c5 4. Ngf3 a6 5. exd5 exd5 6. dxc5 Bxc5 7. Nb3 Be7 8.
Be2 Nf6 9. O-O O-O 10. Nfd4 Ne4 11. f3 Nd6 12. c3 Nd7 13. Kh1 Ne5 14. Nc2 Ndc4
15. Nbd4 Bd7 16. b3 Nb6 17. f4 Ng6 18. Bd2 Bf6 19. g3 Bh3 20. Re1 Nd7 21. Bf3
Nc5 22. Re2 Ne4 23. Be1 Ne7 24. Ne3 Rc8 25. Rc1 g6 26. Nxd5 Nxg3+ 27. hxg3 Nxd5
28. Kh2 Bf1 29. Re4 a5 30. c4 Ne3 31. Qd2 Nf5 32. Nb5 Bd3 33. Re5 Bxe5 34. fxe5
Ng7 35. Nd6 Bf5 36. Nxc8 Qxc8 37. Rd1 Ne6 38. Qe3 Rd8 39. Rd6 a4 40. Ba5 Rxd6
41. exd6 axb3 42. axb3 Qa8 43. Qd2 Nc5 44. Bc3 Kf8 45. Qd4 Qa2+ 46. Bg2 1-0

[Event "Aut_chT"]
[Site "Fürstenfeld"]
[Date "2003.??.??"]
[Round "10.4"]
[White "Schwaninger, Wolfgang"]
[Black "Hoellrigl, Wilfried"]
[Result "1-0"]
[WhiteElo "2188"]
[BlackElo "2198"]
[PlyCount "65"]
[EventDate "2003.03.14"]

1. d4 Nf6 2. Nf3 g6 3. g3 Bg7 4. Bg2 O-O 5. O-O d6 6. c4 Nbd7 7. Nc3 e5 8. dxe5
dxe5 9. Qc2 c6 10. Bg5 Qc7 11. Rad1 h6 12. Bd2 Nc5 13. b4 Ne6 14. e3 a5 15. a3
axb4 16. axb4 Ne8 17. c5 f5 18. e4 f4 19. Na4 Rxa4 20. Qxa4 g5 21. Rfe1 g4 22.
Nh4 Ng5 23. gxf4 exf4 24. e5 Qf7 25. Qc2 Qh5 26. Ng6 g3 27. hxg3 f3 28. Bxg5
fxg2 29. Qc4+ Rf7 30. Ne7+ Kh8 31. Qh4 Qf3 32. Be3 Bg4 33. Rd8 1-0

[Event "Aut_chT"]
[Site "Fürstenfeld"]
[Date "2003.03.15"]
[Round "10.5"]
[White "Gustafsson, Jan"]
[Black "Loeffler, Stefan"]
[Result "1-0"]
[WhiteElo "2566"]
[BlackElo "2398"]
[PlyCount "57"]
[EventDate "2003.03.14"]

1. d4 Nf6 2. c4 e6 3. Nc3 Bb4 4. Qc2 O-O 5. a3 Bxc3+ 6. Qxc3 b5 7. cxb5 c6 8.
f3 Nd5 9. Qd3 f5 10. e4 Nc7 11. Nh3 Nxb5 12. Bg5 Qa5+ 13. b4 Qb6 14. Be7 Re8
15. Bc5 Qd8 16. a4 fxe4 17. Qxe4 d5 18. Qf4 e5 19. dxe5 Nc7 20. Ng5 Nd7 21.
Qf7+ Kh8 22. Qh5 Rxe5+ 23. Be3 Rxe3+ 24. Kf2 Nf6 25. Nf7+ Kg8 26. Nxd8 Nxh5 27.
Kxe3 Bd7 28. Nxc6 Re8+ 29. Kd2 1-0

[Event "Aut_chT"]
[Site "Fürstenfeld"]
[Date "2003.03.15"]
[Round "10.5"]
[White "Penz, Harald"]
[Black "Naumann, Alexander"]
[Result "1/2-1/2"]
[WhiteElo "2324"]
[BlackElo "2524"]
[PlyCount "134"]
[EventDate "2003.03.14"]

1. e4 c5 2. Nf3 d6 3. c3 Nf6 4. Be2 g6 5. O-O Bg7 6. Re1 O-O 7. d3 Nc6 8. Nbd2
e5 9. Nf1 d5 10. Bg5 d4 11. c4 h6 12. Bd2 Rb8 13. a3 Kh7 14. b4 cxb4 15. axb4
b5 16. cxb5 Rxb5 17. Qa4 Qb6 18. Rec1 Be6 19. Qa6 Rc8 20. Qxb6 Rxb6 21. Bd1 Nh5
22. Ne1 Nf6 23. Nf3 Ng8 24. b5 Rxb5 25. Ba4 Rb6 26. Bxc6 Rbxc6 27. Rxc6 Rxc6
28. Rxa7 Rb6 29. Ra5 f6 30. Ne1 Ne7 31. f3 Nc6 32. Ra1 Nb8 33. Kf2 Na6 34. Rc1
Bf8 35. Ba5 Rb2+ 36. Rc2 Rb5 37. Bd8 Kg7 38. Nd2 Nc5 39. Ke2 Bf7 40. g3 Ne6 41.
Rc8 Rb2 42. Kd1 Nxd8 43. Rxd8 Be6 44. Ra8 Rb7 45. Ra1 Rc7 46. Rc1 Rxc1+ 47.
Kxc1 h5 48. Kd1 Kf7 49. Ke2 Bh6 50. Nc2 g5 51. Na3 g4 52. Nac4 Ke7 53. fxg4
Bxg4+ 54. Nf3 Kd7 55. Nb6+ Kd6 56. Kf2 Be6 57. Nh4 Kc5 58. Nd5 Bg5 59. Nc7 Be3+
60. Kg2 Bb3 61. Ne8 Kb4 62. Nxf6 Kc3 63. Nf3 Kxd3 64. Nxe5+ Ke2 65. Nxh5 d3 66.
Nf4+ Bxf4 67. Nxd3 Kxd3 1/2-1/2

[Event "Aut_chT"]
[Site "Fürstenfeld"]
[Date "2003.03.15"]
[Round "10.5"]
[White "Amann, Guenter"]
[Black "Roth, Peter"]
[Result "1/2-1/2"]
[WhiteElo "2296"]
[BlackElo "2323"]
[PlyCount "71"]
[EventDate "2003.03.14"]

1. e4 e6 2. d3 b5 3. Nf3 h6 4. d4 a6 5. c4 bxc4 6. Bxc4 d5 7. exd5 exd5 8. Bb3
Bb4+ 9. Nc3 Ne7 10. O-O O-O 11. Ne5 Be6 12. Bf4 Nd7 13. Nd3 Ba5 14. Na4 Ng6 15.
Bg3 Qf6 16. Ndc5 Nxc5 17. Nxc5 Bb6 18. Rc1 Nf4 19. Re1 Rfe8 20. Qd2 Ng6 21. h3
a5 22. Bxc7 Bxc7 23. Nxe6 Bd6 24. Nc7 Rxe1+ 25. Qxe1 Bxc7 26. Rxc7 Qxd4 27. Rd7
Nf4 28. Qe3 Qf6 29. g3 Nxh3+ 30. Kg2 Ng5 31. Bxd5 Rd8 32. Rxd8+ Qxd8 33. Qd3
Qd7 34. Qc4 Qh3+ 35. Kg1 Qf5 36. Qb3 1/2-1/2

[Event "Aut_chT"]
[Site "Fürstenfeld"]
[Date "2003.03.15"]
[Round "10.5"]
[White "Janetschek, Karl"]
[Black "Novkovic, Milan"]
[Result "1-0"]
[WhiteElo "2268"]
[BlackElo "2395"]
[PlyCount "83"]
[EventDate "2003.03.14"]

1. e4 c5 2. Nf3 e6 3. d4 cxd4 4. Nxd4 a6 5. Bd3 Nf6 6. O-O d6 7. Be3 Be7 8. Nd2
Nbd7 9. f4 Qc7 10. a4 Nc5 11. b4 Nxd3 12. cxd3 e5 13. fxe5 dxe5 14. Nf5 Bxf5
15. Rxf5 O-O 16. Rc1 Qd8 17. Nc4 Nd7 18. Qb3 g6 19. Rf3 Kg7 20. d4 Bg5 21. Nxe5
Nxe5 22. dxe5 Bxe3+ 23. Qxe3 Qe7 24. Rc5 Rae8 25. Qc3 Kg8 26. Rf6 Qd8 27. h3
Re7 28. Rd6 Qb8 29. Qd4 Rfe8 30. a5 Qa8 31. Rcd5 Qc8 32. Rc5 Qb8 33. Qc3 Qa7
34. Kh1 Qb8 35. Qd4 Qa8 36. Rd7 Rxd7 37. Qxd7 Qd8 38. e6 fxe6 39. Rc7 Qxd7 40.
Rxd7 Rc8 41. Rxb7 Rc4 42. b5 1-0

[Event "Aut_chT"]
[Site "Fürstenfeld"]
[Date "2003.03.15"]
[Round "10.5"]
[White "Gaertner, Guntram"]
[Black "Mueller, Roland"]
[Result "1-0"]
[WhiteElo "2357"]
[BlackElo "2188"]
[PlyCount "73"]
[EventDate "2003.03.14"]

1. d4 Nf6 2. c4 g6 3. Nc3 d5 4. cxd5 Nxd5 5. Bd2 Nb6 6. Bg5 Bg7 7. e3 O-O 8.
Qd2 c6 9. Nf3 Be6 10. Rd1 N8d7 11. Be2 f6 12. Bh4 Kh8 13. O-O Bg8 14. b3 Qe8
15. Bg3 Rd8 16. Qc2 Rc8 17. Ne4 Nd5 18. Nc5 b6 19. Nxd7 Qxd7 20. Qd2 Qb7 21. e4
Nc7 22. h4 Rfd8 23. Qb4 Bf8 24. Qc3 Nb5 25. Qe3 Nd6 26. h5 Bf7 27. hxg6 hxg6
28. Nh4 Kh7 29. e5 Nf5 30. Nxf5 gxf5 31. exf6 exf6 32. Bh4 Qe7 33. Bd3 Bg6 34.
Qh3 Kg8 35. Rfe1 Qh7 36. Bc4+ Kg7 37. Re6 1-0

[Event "Aut_chT"]
[Site "Fürstenfeld"]
[Date "2003.??.??"]
[Round "10.6"]
[White "Varga, Peter"]
[Black "Dizdar, Goran"]
[Result "1/2-1/2"]
[WhiteElo "2486"]
[BlackElo "2514"]
[PlyCount "81"]
[EventDate "2003.03.14"]

1. d4 Nf6 2. c4 e6 3. Nc3 d5 4. cxd5 exd5 5. Bg5 c6 6. Qc2 Nbd7 7. e3 Be7 8.
Bd3 Nh5 9. Bxe7 Qxe7 10. Nge2 Nhf6 11. O-O O-O 12. Ng3 Nb6 13. Rae1 h6 14. f3
c5 15. dxc5 Qxc5 16. Nb5 Qxc2 17. Bxc2 Bd7 18. Nd4 Rfe8 19. Kf2 g6 20. Bd3 Rac8
21. b3 Kf8 22. h4 h5 23. Rc1 Ke7 24. Ke2 Kd6 25. Kd2 a5 26. Nge2 Rxc1 27. Rxc1
Rc8 28. Nc3 Ke7 29. Ncb5 Rxc1 30. Kxc1 Bxb5 31. Bxb5 Kd6 32. Kd2 Kc5 33. Kc3
Nc8 34. a3 Ne7 35. b4+ axb4+ 36. axb4+ Kd6 37. Bd3 Ne8 38. Nb5+ Ke6 39. Nd4+
Kd6 40. Nb5+ Ke6 41. Nd4+ 1/2-1/2

[Event "Aut_chT"]
[Site "Fürstenfeld"]
[Date "2003.??.??"]
[Round "10.6"]
[White "Schmittdiel, Eckhard"]
[Black "Vogt, Lothar"]
[Result "1-0"]
[WhiteElo "2491"]
[BlackElo "2479"]
[PlyCount "105"]
[EventDate "2003.03.14"]

1. Nf3 g6 2. e4 Bg7 3. d4 d6 4. c3 Nf6 5. Bd3 O-O 6. O-O Nc6 7. b4 a6 8. a4 e5
9. d5 Ne7 10. Nbd2 Nh5 11. Ra3 Nf4 12. Bb1 f5 13. c4 Kh8 14. Re1 Ng8 15. exf5
gxf5 16. Nf1 Ng6 17. Ng5 Nf6 18. Ng3 f4 19. N3e4 Nxe4 20. Nxe4 Bf5 21. Qh5 Qh4
22. Qxh4 Nxh4 23. g3 Ng6 24. a5 c6 25. Rd3 Rfd8 26. Bb2 fxg3 27. hxg3 Ne7 28.
dxc6 Nxc6 29. Rxd6 Rxd6 30. Nxd6 Bxb1 31. Rxb1 Nxb4 32. Bc3 Nc6 33. Rxb7 Kg8
34. Nf5 Bf8 35. Rc7 Bb4 36. Nh6+ Kf8 37. Bxb4+ Nxb4 38. Rxh7 Rd8 39. Rh8+ Ke7
40. Rxd8 Kxd8 41. Nf7+ Ke7 42. Nxe5 Kd6 43. f4 Nc2 44. g4 Nd4 45. Kf2 Nb3 46.
g5 Ke6 47. Ke3 Nxa5 48. Ke4 Nb3 49. f5+ Ke7 50. Kd5 a5 51. f6+ Kf8 52. g6 a4
53. Nd7+ 1-0

[Event "Aut_chT"]
[Site "Fürstenfeld"]
[Date "2003.??.??"]
[Round "10.6"]
[White "Lehner, Oliver"]
[Black "Bromberger, Stefan"]
[Result "0-1"]
[WhiteElo "2406"]
[BlackElo "2417"]
[PlyCount "50"]
[EventDate "2003.03.14"]

1. e4 c5 2. Nf3 d6 3. Bb5+ Nd7 4. d4 cxd4 5. Qxd4 Ngf6 6. Nc3 a6 7. Bxd7+ Nxd7
8. Bg5 h6 9. Bh4 Rg8 10. O-O g5 11. Bg3 Bg7 12. Qd2 Qa5 13. Rad1 Bxc3 14. bxc3
f6 15. Bxd6 exd6 16. Qxd6 Kf7 17. e5 Nxe5 18. Rfe1 Re8 19. Re3 Nxf3+ 20. gxf3
Rxe3 21. fxe3 Be6 22. Rb1 b5 23. Qd3 Kg7 24. Rb4 Rd8 25. Qe4 Qxa2 0-1

[Event "Aut_chT"]
[Site "Fürstenfeld"]
[Date "2003.??.??"]
[Round "10.6"]
[White "Duer, Arne"]
[Black "Ganaus, Hannes"]
[Result "0-1"]
[WhiteElo "2365"]
[BlackElo "2360"]
[PlyCount "179"]
[EventDate "2003.03.14"]

1. c4 c6 2. Nf3 d5 3. e3 Nf6 4. b3 Bg4 5. Bb2 Nbd7 6. h3 Bh5 7. Be2 e6 8. O-O
Bd6 9. Nc3 O-O 10. cxd5 exd5 11. Nh4 Bxe2 12. Nxe2 Re8 13. Nf5 Bf8 14. Ned4 a5
15. a4 g6 16. Nh4 Ne4 17. Nhf3 Bg7 18. d3 Nec5 19. Rb1 Qb6 20. Qc2 Na6 21. Bc3
Nb4 22. Bxb4 Qxb4 23. Ne2 Nc5 24. Rfc1 Na6 25. d4 Qd6 26. Nf4 Nb4 27. Qd2 f5
28. Nd3 Nxd3 29. Qxd3 Re7 30. g3 Bf6 31. Kg2 Qe6 32. h4 Qe4 33. Qxe4 fxe4 34.
Ng1 Rf7 35. Rc2 Be7 36. Nh3 h6 37. Nf4 g5 38. hxg5 hxg5 39. Ne2 Raf8 40. Nc3
Rh7 41. Rh1 Rxh1 42. Kxh1 Kf7 43. Kg2 Ke6 44. Rc1 Rh8 45. Ne2 Kf5 46. Nc3 Bb4
47. Ne2 Rh6 48. Rc2 b6 49. Rc1 c5 50. Rc2 Rc6 51. dxc5 Rxc5 52. Nd4+ Ke5 53.
f4+ exf3+ 54. Kxf3 g4+ 55. Kxg4 Ke4 56. Rh2 Kxe3 57. Nf5+ Kd3 58. Rh6 Kc3 59.
Rd6 Kxb3 60. Rxb6 Kxa4 61. Kf3 Bc3 62. g4 Rb5 63. Rc6 Kb3 64. Ke2 a4 65. Kd3 d4
66. Nd6 Rb8 67. Ra6 a3 68. Nc4 Bb4 69. Nxa3 Bxa3 70. Kxd4 Rb4+ 71. Kd5 Rxg4 72.
Re6 Bb4 73. Re8 Bc3 74. Rb8+ Kc2 75. Rf8 Rd4+ 76. Kc5 Ra4 77. Rf2+ Kb3 78. Kd5
Rd4+ 79. Ke6 Kc4 80. Re2 Rf4 81. Ke7 Kd5 82. Rh2 Rc4 83. Kf7 Rc7+ 84. Kg6 Ke6
85. Re2+ Be5 86. Kg5 Rg7+ 87. Kh4 Kf5 88. Kh3 Rg3+ 89. Kh4 Rf3 90. Rg2 0-1

[Event "Aut_chT"]
[Site "Fürstenfeld"]
[Date "2003.??.??"]
[Round "10.6"]
[White "Bokros, Albert"]
[Black "Ferrari, Josef"]
[Result "1/2-1/2"]
[WhiteElo "2420"]
[BlackElo "2220"]
[PlyCount "60"]
[EventDate "2003.03.14"]

1. e4 e5 2. Nf3 Nc6 3. Bb5 a6 4. Ba4 Nf6 5. d4 exd4 6. O-O Be7 7. Re1 b5 8. Bb3
d6 9. Bd5 Nxd5 10. exd5 Ne5 11. Nxd4 O-O 12. a4 Bd7 13. Nc3 bxa4 14. f4 c5 15.
dxc6 Nxc6 16. Nf3 Re8 17. Be3 Bf8 18. Nxa4 Rb8 19. b3 Qc7 20. Qd2 Bf5 21. Nc3
Nb4 22. Nd4 Bd7 23. h3 Qb7 24. f5 Be7 25. Nce2 Bf6 26. c3 Nc6 27. Rf1 Nxd4 28.
Bxd4 Rxe2 29. Qxe2 Bxd4+ 30. cxd4 Bb5 1/2-1/2

[Event "Aut_chT"]
[Site "Fürstenfeld"]
[Date "2003.??.??"]
[Round "10.6"]
[White "Gerhold, Michael"]
[Black "Weissenbeck, Manuel"]
[Result "0-1"]
[WhiteElo "2205"]
[BlackElo "2225"]
[PlyCount "132"]
[EventDate "2003.03.14"]

1. d4 Nf6 2. c4 g6 3. Nc3 Bg7 4. e4 d6 5. Nf3 O-O 6. Be2 e5 7. O-O Nc6 8. d5
Ne7 9. b4 Nh5 10. Re1 a5 11. bxa5 Rxa5 12. a4 b6 13. Ba3 f5 14. Bb4 Ra8 15. g3
Nf6 16. Nd2 Bh6 17. Bf3 f4 18. Nb5 fxg3 19. hxg3 g5 20. Nf1 g4 21. Bg2 Ng6 22.
a5 bxa5 23. Bxa5 Rxa5 24. Rxa5 c6 25. Qa4 cxb5 26. cxb5 Qb6 27. Ne3 Bxe3 28.
Rxe3 Nd7 29. Ra7 Nc5 30. Qa5 Qxa5 31. Rxa5 Bd7 32. Rea3 Ne7 33. Bf1 Nc8 34. Ra8
Nb6 35. Rxf8+ Kxf8 36. Re3 Ke7 37. Kg2 Be8 38. f4 gxf3+ 39. Kxf3 Bg6 40. Bd3
Nxd5 41. exd5 Bxd3 42. b6 Bc4 43. Ra3 Bxd5+ 44. Ke3 Bb7 45. Ra2 Kd7 46. Rf2 Bd5
47. Rf8 Kc6 48. Rf6 Bb3 49. Rh6 Bc2 50. Rh2 Bg6 51. Rb2 d5 52. Rb4 Be4 53. g4
Kb7 54. g5 Nd7 55. Rb2 Nxb6 56. Rf2 Nc4+ 57. Ke2 Kc6 58. Rf8 Kc5 59. Rd8 Kd4
60. Rd7 Bd3+ 61. Ke1 Bf5 62. Rf7 Bg6 63. Rd7 e4 64. Re7 Kd3 65. Rd7 d4 66. Rb7
Ke3 0-1